000 00349 a2200157 4500
001 66555
020 _a853160849X
040 _cAnchieta - Pituba
100 _aWelborn, Amy
240 1 0 _aDecodificando Da Vinci
_lpor
245 1 0 _aDecodificando Da Vinci
300 _a136
362 0 _a2004
650 4 _aFicção norte-americana
942 _cBK
999 _c66555
_d66555